000 00627cam a22002051 4500
001 ca 10002024
003 DLC
005 20260227111052.0
008 850726s1907 dcu f000 0 eng
010 _aca 10002024
035 _a(OCoLC)12310760
040 _aDLC
_cViU
_dViU
_dDLC
042 _apremarc
050 0 0 _aVA54
_b.R7
100 1 _aRoosevelt, Theodore,
_d1858-1919.
245 1 0 _aRemarks of President Roosevelt to the officers and enlisted men on board the U.S.S. Louisiana, November 26, 1906.
260 _a[Washington,
_bGovt. Print. Off.,
_c1907?]
300 _a4 p.
_c24 cm.
610 1 0 _aUnited States.
_bNavy.
999 _c14230
_d14230